000 01207nam a22003617a 4500
003 CHAP
005 20220329133151.0
008 971013s1990 r 00010 d
010 _a2919
011 _a3891
035 _a3092
040 _cCHAP
090 _aTesis
100 0 0 _aGalván Palos, José Raúl.
_944529
245 _aEvaluación de diez variedades de trigo (Triticum spp.) en Marín, Nuevo León: ciclo invierno 1987-1988
260 _aMarín, N. L. :
_bEl autor,
_c1990
300 _a89 h.
_b; gráfs.
500 _aD47-213
502 _aTesis (Ing. Agr. Fitotecnista) -- UANL. Fac. de Agronomía
590 _aALEPH
_b10
_c20130110
_lUCH01
_h1214
590 _aBATCH-UPD
_b10
_c20130109
_lUCH01
_h2325
590 _aBATCH-UPD
_b10
_c20130110
_lUCH01
_h1410
590 _aBATCH-UPD
_b10
_c20130409
_lUCH01
_h1848
590 _aBATCH-UPD
_b10
_c20130410
_lUCH01
_h0857
590 _aBATCH-UPD
_b10
_c20130914
_lUCH01
_h1454
590 _aCONVERSION
_b10
_c20130109
_lUCH01
_h1303
650 1 4 _aTrigo
_xNuevo León.
_9115069
650 1 4 _aTrigo
_xRendimiento.
_9115092
650 1 4 _aTrigo
_xVariedades.
_9115119
901 _aBK
942 _cTESIS
949 _bBC
_cTES
_d-12602
_eTS1
_h24624
_i3092
_mD
_si
999 _c2919
_d2919